[Event "Barcelona 150 aniversity 2"]
[Site "Barcelona"]
[Date "2019.06.07"]
[Round "7.5"]
[White "Bonil Marti, Xavier"]
[Black "Navarro Fornos, Pere Josep"]
[Result "0-1"]
[WhiteElo "1488"]
[BlackElo "1613"]
[PlyCount "54"]
[EventDate "2019.04.26"]
[EventType "swiss"]
[EventRounds "9"]
[EventCountry "ESP"]
[SourceTitle "EXT 2024"]
[Source "ChessBase"]
[SourceDate "2023.10.10"]
[SourceVersion "1"]
[SourceVersionDate "2023.10.10"]
[SourceQuality "1"]

1. e4 e5 2. f4 exf4 3. Nf3 Be7 4. h4 d6 5. d4 Bg4 6. Bxf4 Bxf3 7. Qxf3 Bxh4+ 8. Bg3 Bg5 9. Bc4 Qe7 10. 0-0 Nc6 11. Bxf7+ Kd8 12. c3 Nf6 13. Bd5 Nxd5 14. exd5 Qe3+ 15. Qxe3 Bxe3+ 16. Kh2 Ne7 17. Bh4 g5 18. Rf3 Bc1 19. Rf2 gxh4 20. Na3 Be3 21. Rf3 Bg5 22. Raf1 Nxd5 23. Rf8+ Kd7 24. R8f7+ Kc6 25. R7f5 h6 26. c4 Ne3 27. d5+ Kb6 0-1

[Event "Barcelona 150 aniversity 2"]
[Site "Barcelona"]
[Date "2019.05.03"]
[Round "2.3"]
[White "Bonil Marti, Xavier"]
[Black "Garcia Miralles, Eduard"]
[Result "1-0"]
[WhiteElo "1488"]
[BlackElo "1543"]
[PlyCount "89"]
[EventDate "2019.04.26"]
[EventType "swiss"]
[EventRounds "9"]
[EventCountry "ESP"]
[SourceTitle "EXT 2024"]
[Source "ChessBase"]
[SourceDate "2023.10.10"]
[SourceVersion "1"]
[SourceVersionDate "2023.10.10"]
[SourceQuality "1"]

1. e4 e6 2. d4 d5 3. exd5 exd5 4. Nf3 Nf6 5. Bb5+ Bd7 6. Qe2+ Qe7 7. Bxd7+ Nbxd7 8. Qxe7+ Bxe7 9. Nc3 0-0-0 10. 0-0 h6 11. Nb5 c6 12. Nc3 Bd6 13. Re1 Rhe8 14. Bd2 g5 15. Rxe8 Rxe8 16. Re1 Ne4 17. h3 Re7 18. Nxe4 Rxe4 19. Rxe4 dxe4 20. Ne1 Nb6 21. b3 Kd7 22. f3 exf3 23. Nxf3 Nd5 24. c4 Nf4 25. Bxf4 Bxf4 26. Kf2 Ke6 27. Ne1 Kf5 28. Kf3 h5 29. g4+ Kg6 30. Ke4 f6 31. Nd3 Bd6 32. d5 cxd5+ 33. cxd5 b6 34. Ne1 Ba3 35. Nf3 Bc5 36. Nd2 Bb4 37. Nc4 Bf8 38. a4 Bc5 39. d6 Bb4 40. d7 Be7 41. Nd6 a6 42. Nb7 b5 43. d8Q Bxd8 44. Nxd8 bxa4 45. bxa4 1-0

[Event "Barcelona 150 aniversity 2"]
[Site "Barcelona"]
[Date "2019.04.26"]
[Round "1.3"]
[White "Montserrat Rubia, Angel"]
[Black "Bonil Marti, Xavier"]
[Result "1-0"]
[WhiteElo "1639"]
[BlackElo "1488"]
[PlyCount "77"]
[EventDate "2019.04.26"]
[EventType "swiss"]
[EventRounds "9"]
[EventCountry "ESP"]
[SourceTitle "EXT 2024"]
[Source "ChessBase"]
[SourceDate "2023.10.10"]
[SourceVersion "1"]
[SourceVersionDate "2023.10.10"]
[SourceQuality "1"]

1. e4 e6 2. Nf3 c5 3. Nc3 Ne7 4. d4 cxd4 5. Nxd4 Nbc6 6. Ndb5 Ng6 7. Nd6+ Bxd6 8. Qxd6 Qe7 9. Qd1 a6 10. Be2 0-0 11. Be3 b5 12. a3 Bb7 13. 0-0 Nce5 14. b4 d6 15. f3 Rfc8 16. Nb1 Rc6 17. f4 Nc4 18. Bxc4 Rxc4 19. Nd2 Rc6 20. Nb3 Rac8 21. Ra2 h6 22. Na5 R6c7 23. Nxb7 Rxb7 24. Bd2 Rc4 25. Re1 Qf6 26. Qf3 Rbc7 27. c3 Qh4 28. a4 e5 29. f5 Nf4 30. axb5 axb5 31. Ra8+ Kh7 32. Rea1 Qg5 33. Bxf4 Qxf4 34. Qxf4 exf4 35. Rb8 Rxe4 36. Raa8 g6 37. f6 g5 38. Rg8 h5 39. Rg7+ 1-0

[Event "Barcelona Tres Peons-B 46th"]
[Site "Barcelona"]
[Date "2017.05.19"]
[Round "5.3"]
[White "Ortiz Padro, Pol"]
[Black "Bonil Marti, Xavier"]
[Result "0-1"]
[WhiteElo "1457"]
[BlackElo "1478"]
[PlyCount "101"]
[EventDate "2017.04.21"]
[EventType "swiss"]
[EventRounds "9"]
[EventCountry "ESP"]
[SourceTitle "EXT 2024"]
[Source "ChessBase"]
[SourceDate "2023.10.10"]
[SourceVersion "1"]
[SourceVersionDate "2023.10.10"]
[SourceQuality "1"]

1. e4 e6 2. d4 d5 3. Nd2 Nc6 4. Ngf3 Bb4 5. c3 Ba5 6. a4 a6 7. Bd3 dxe4 8. Nxe4 h6 9. Bf4 Nf6 10. Ned2 Nd5 11. Bg3 Bd7 12. Rc1 Nce7 13. b4 Bb6 14. b5 axb5 15. axb5 Nf5 16. Bxf5 exf5 17. c4 Nf6 18. 0-0 0-0 19. c5 Ba5 20. c6 bxc6 21. bxc6 Be6 22. Nb3 Bb6 23. Nc5 Ne4 24. Nb7 Qd5 25. Nc5 Nxg3 26. fxg3 Qxc6 27. Nxe6 Qxe6 28. Kh1 Rfe8 29. Re1 Qd6 30. Qc2 f4 31. gxf4 Qxf4 32. Re4 Qd6 33. Qc4 Qf6 34. Rce1 Rf8 35. h4 Ra5 36. g3 Rf5 37. Kg2 Rd8 38. g4 Rfd5 39. Qa2 Qd6 40. Kh3 Bxd4 41. Nxd4 Rxd4 42. Qxf7+ Kh7 43. Rxd4 Qxd4 44. Qxc7 Qd3+ 45. Kg2 Qe4+ 46. Kh3 Rd3+ 47. Kh2 Qe2+ 48. Kg1 Qxg4+ 49. Kf2 Rd2+ 50. Ke3 Qe2+ 51. Kf4 0-1